Whose hat is that? - Statistics

General Stats
  • This quiz has been taken 37 times
  • The average score is 13 of 24
Answer Stats
Picture Answer % Correct
Winston Churchill
94%
Che Guevara
91%
Donald Trump
91%
Charlie Chaplin
89%
Elizabeth II
89%
Harrison Ford
89%
Pope Francis
89%
Jacqueline Kennedy
86%
Fidel Castro
71%
Michael Phelps
69%
Bruno Mars
63%
Slash
63%
Pharrell Williams
54%
Horatio Nelson
49%
Humphrey Bogart
49%
Benito Mussolini
40%
Carmen Miranda
34%
Malcolm McDowell
26%
The Notorious B.I.G.
26%
David Jason
17%
Shia LaBeouf
17%
Tommy Cooper
17%
Mobutu Sese Seko
9%
Cardinal Richelieu
6%
No matching quizzes found
Score Distribution
Percent of People with Each Score
Percentile by Number Answered
Your Score History
You have not taken this quiz